AIU'S VIEW ON THE NEW NATIONAL POLICY ON EDUCATION (Record no. 5698)

MARC details
000 -LEADER
fixed length control field 00325nam a22001217a 4500
005 - DATE AND TIME OF LATEST TRANSACTION
control field 20180529122246.0
008 - FIXED-LENGTH DATA ELEMENTS--GENERAL INFORMATION
fixed length control field 180529b xxu||||| |||| 00| 0 eng d
041 ## - LANGUAGE CODE
Language code of text/sound track or separate title eng
100 ## - MAIN ENTRY--AUTHOR NAME
Personal name QAMAR, PROF FURQAN AND SHARMA, PROF P.B.
245 ## - TITLE STATEMENT
Title AIU'S VIEW ON THE NEW NATIONAL POLICY ON EDUCATION
300 ## - PHYSICAL DESCRIPTION
Number of Pages 72P,
942 ## - ADDED ENTRY ELEMENTS (KOHA)
Koha item type Books
Holdings
Lost status Damaged status Home library Current library Date acquired Accession Number Koha item type
    JRU Library   29/05/2018 22346 Books